Statistiques concernant Gouvernorats de la Tunisie sur une Carte

Cliquez ici pour prendre le quiz!

Statistiques générales

  • Ce quiz a été pris 70 fois
  • Le résultat moyen est 16 sur 24

Réponses sur la Carte

Les réponses sont colorées sur une échelle allant du rouge au vert en fonction du pourcentage des utilisateurs qui les ont devinées à leur premier essai. Vous pouvez retrouver ces pourcentages ci-dessous.
 

Statistiques - réponses

Gouvernorat% Correct
Tunis
98%
Sfax
91%
Sousse
83%
Tataouine
83%
Bizerte
78%
Monastir
74%
Ariana
69%
Gabès
69%
Nabeul
69%
Jendouba
67%
Le Kef
65%
Tozeur
65%
Béja
63%
Gafsa
63%
Kairouan
59%
Mahdia
59%
Ben Arous
57%
Médenine
54%
Kasserine
52%
Kébili
50%
Sidi Bouzid
50%
Siliana
50%
La Manouba
44%
Zaghouan
44%

Distribution des résultats

Percentile par nombre de réponses

% des personnes avec chaque résultat

Votre développement - résultats

Vous n’avez pas pris ce quiz